Obálka Náhled e-knihy:
PDF Epub
Pro půjčování e-knih musíte být přihlášeni.
Jak si půjčit online?

Království těla a ohně /

Pokračování temné fantasy převážně pro dívky. V nebezpečném světě plném magie, upírů a dalších monster hlavní hrdinka bojuje za svůj předurčený osud i zakázanou lásku.

Uloženo v:
Série:Z krve a popela, část 2
Hlavní autor: Armentrout, Jennifer L., 1980- (Autor)
Další autoři: Hejnová, Kateřina, 1987- (Autor)
Médium: E-kniha
Jazyk:Czech
Vydáno: V Praze : Fragment, 2022
Vydání:1. vydání
Témata:
Příbuzné jednotky:Z cyklu:: Z krve a popela
Tagy:
Žádné tagy
LEADER 02912nam a2200529 i 4500
001 311518
003 CZ PrSKC
005 20260601215707.0
007 ta
008 220328s2022 xr d 000 f cze
015 |a cnb003407515 
020 |a 9788025356463  |q (vázáno) :  |c Kč 549,00 
035 |a (OCoLC)1329408588 
040 |a ABG001  |b cze  |e rda 
041 1 |a cze  |h eng 
072 7 |a 821.111(73)-3  |x Americká próza  |2 Konspekt 
072 7 |a 821-93  |x Literatura pro děti a mládež (beletrie)  |2 Konspekt 
080 |a 821.111(73)-31  |2 MRF 
080 |a 821-93-053.67  |2 MRF 
080 |a 821-93  |2 MRF 
080 |a (0:82-312.9)  |2 MRF 
100 1 |a Armentrout, Jennifer L.,  |d 1980-  |7 jo2014849983  |4 aut 
240 1 0 |a Kingdom of flesh and fire.  |l Česky 
245 1 0 |a Království těla a ohně /  |c Jennifer L. Armentroutová ; z anglického originálu A kingdom of flesh and fire ... přeložila Kateřina Hejnová 
250 |a 1. vydání 
264 1 |a V Praze :  |b Fragment,  |c 2022 
300 |a 614 stran ;  |c 22 cm 
336 |a text  |b txt  |2 rdacontent 
337 |a bez média  |b n  |2 rdamedia 
338 |a svazek  |b nc  |2 rdacarrier 
520 2 |a Pokračování temné fantasy převážně pro dívky. V nebezpečném světě plném magie, upírů a dalších monster hlavní hrdinka bojuje za svůj předurčený osud i zakázanou lásku.  |b Všechno, v co Poppy věřila, je lež - oklamal ji i muž, do kterého se zamilovala. Teď sama netuší, kým bez závoje Panny vlastně je. Ví ale, že pro ni neexistuje větší hrozba než Princ Atlantie. Chce, aby proti němu bojovala, a ona jeho rozkaz ráda uposlechne. Aby našla svého bratra, musí se spojit s nebezpečně svůdným Casteelem Da´Neerem. Je jen otázkou času, než tajemství dvou království vyjdou na světlo. Ale až nebesa začnou krvácet, mohlo by být pozdě. Nakladatelská anotace. 
655 7 |a americké romány  |7 fd131796  |2 czenas 
655 7 |a fantasy romány  |7 fd184199  |2 czenas 
655 7 |a literatura young adult  |7 fd1185572  |2 czenas 
655 7 |a publikace pro mládež  |7 fd133157  |2 czenas 
655 9 |a American fiction  |2 eczenas 
655 9 |a fantasy novels  |2 eczenas 
655 9 |a young adult literature  |2 eczenas 
655 9 |a juvenile literature  |2 eczenas 
700 1 |a Hejnová, Kateřina,  |d 1987-  |7 hka20191024821  |4 trl 
787 0 8 |i Z cyklu:  |t Z krve a popela  |g 2 
900 |a ABA001  |b 21 
928 9 |a Albatros Media - Fragment 
044 |a xr 
910 |a RBIT002 
998 |d 347811  |a https://core.palmknihy.cz/api/books/347811/cover?si6cdz  |b https://core.palmknihy.cz/api/books/347811/cover/400?si6cdz  |c https://core.palmknihy.cz/api/books/347811/cover/50?si6cdz  |e 2030-12-09  |g 549  |i 9788025356463  |j https://core.palmknihy.cz/api/books/347811/preview.epub  |k https://core.palmknihy.cz/api/books/347811/preview.pdf  |l   |q 49  |r 1  |s https://www.palmknihy.cz/kniha/347811  |t ebook  |y 2022  |z 0  |v Z krve a popela  |w 2 
999 |d 311516